00355nam a2200133Ia 4500008004100000024001500041082001700056100001800073245002800091260002600119600002100145650003800166999001700204260210s9999 xx 000 0 und d a11B-112-BS a005.1072 SAR aSarmad Jamali 0aGeneric ERP (code book) aKarachi:bUITU,c2011 aComputer Science aBachelor of Computer Science (BS) c32184d32184